000 00234nam a2200097Ia 4500
001 1195535
005 20250827021749.0
008 250824s9999 xx 000 0 und d
245 0 _aSANRI
_cTUĞBA SARIÜNAL
260 _bDESTEK YAYINLARI
999 _c1195535
_d1195535